| 000 | 00958nam a22002537a 4500 | ||
|---|---|---|---|
| 005 | 20170123162341.0 | ||
| 010 | _aA-794767 | ||
| 020 |
_c150.00 _a8186232273 |
||
| 035 | _aA-794767 | ||
| 037 | _bCen Lib/Ret | ||
| 040 |
_aDPL _bUR |
||
| 082 |
_a840.8 _b ق م ر |
||
| 100 |
_aقمر رئیس _9127498 |
||
| 245 |
_aتعبیرو تحلیل : _cقمر رئیس _bتنقیدی مضامین کا مجمع / |
||
| 246 |
_aTabir-o-tehlil : tanqeedi mazameen ka majmua / _bby Qamar Rais |
||
| 260 |
_aدہلی _bایجوکیشنل پبلشنگ ہاؤس _c1996 |
||
| 270 |
_a٣١٠٨، گلی عزیزددیں وکیل کوچہ پنڈت لال کوان _bدہلی _e110006 |
||
| 300 |
_a301p. _c21cm(Hb) |
||
| 650 |
_aادب -- اردو _9127499 |
||
| 650 |
_a اردو تنقیدی مضامین _9114356 |
||
| 650 |
_aLiterature -- Urdu _9127500 |
||
| 650 |
_aUrdu critical articles _9114358 |
||
| 942 |
_2ddc _cUR _h840.8 _m ق م ر |
||
| 999 |
_c108536 _d108536 |
||